000 00549nam a2200205Ia 4500
001 69159
008 151103s9999||||xx |||||||||||||| ||und||
020 _a0471418250
040 _cPK-LaUMT
082 _a 514.32
_bKHA-I
100 _aMohamed A. Khamsi
245 3 _aAn introudction to metric spaces and fixed point theory
_cMohamed A. Khamsi|Kirk, William A.
250 _a`
260 _aNew York,USA:
_bJohn Wiley & Sons,
_c2001
300 _a302 p.
546 _aEN
650 _aMetric spaces
700 _aKirk, William A.
942 _cBK
999 _c78175
_d78175